[Event "Weekend A"]
[Site "Bassano del Grappa ITA"]
[Date "1997.03.??"]
[Round "3"]
[White "Pastres, Roberto"]
[Black "Efimov, Igor"]
[Result "0-1"]
[WhiteElo "2200"]
[BlackElo "2530"]
[PlyCount "100"]
[EventDate "1997.03.15"]

1. d4 Nf6 2. c4 e6 3. Nc3 Bb4 4. e3 O-O 5. Nge2 d5 6. a3 Be7 7. Nf4 c6 8. cxd5
exd5 9. Bd3 Bd6 10. Nh5 Ng4 11. Ng3 Qh4 12. Nce2 f5 13. Qc2 g6 14. Bd2 a5 15.
h3 Nf6 16. Nf1 Ne4 17. g3 Qe7 18. h4 Nd7 19. h5 Ndf6 20. hxg6 hxg6 21. f3 Kg7
22. Nf4 Ng5 23. Nh2 Bd7 24. O-O-O Rac8 25. Kb1 c5 26. dxc5 Rxc5 27. Qb3 b5 28.
Bxa5 b4 29. Bxb4 Rb8 30. g4 Qxe3 31. Nxg6 Rcb5 32. Rhe1 Rxb4 33. axb4 Qa7 34.
Ne5 Ba4 35. Qa2 Ra8 36. b3 Qb8 37. Qb2 Bxb3 38. Nd7 Qd8 39. Nxf6 Ba2+ 40. Qxa2
Rxa2 41. Nh5+ Kf7 42. Kxa2 Bxb4 43. Re5 Qa5+ 44. Kb1 Bc3 45. Rxf5+ Ke7 46. Kc2
Bh8 47. Rd2 Ne6 48. Kd1 Nd4 49. Re2+ Kd6 50. Re8 Qa4+ 0-1

[Event "Weekend A"]
[Site "Bassano del Grappa ITA"]
[Date "1997.03.??"]
[Round "5"]
[White "Pastres, Roberto"]
[Black "Solinas, Carlo"]
[Result "1-0"]
[WhiteElo "2200"]
[BlackElo "1949"]
[PlyCount "99"]
[EventDate "1997.03.15"]

1. e4 e5 2. Bc4 Nf6 3. d3 Nc6 4. Nc3 Bb4 5. Bg5 h6 6. Bh4 g5 7. Bg3 d5 8. exd5
Nxd5 9. a3 Bxc3+ 10. bxc3 Nxc3 11. Qd2 Nd5 12. Nf3 Be6 13. Nxe5 Qf6 14. O-O
Nxe5 15. Bxd5 O-O 16. Bxb7 Rad8 17. Qe2 Ng6 18. Qf3 Qxf3 19. Bxf3 f5 20. Rfe1
Bf7 21. Bxc7 Rc8 22. Ba5 Rxc2 23. g3 g4 24. Bd1 Rc6 25. f3 gxf3 26. Bxf3 Rc2
27. Re2 Rfc8 28. Rae1 f4 29. Be4 Rxe2 30. Rxe2 Ne5 31. gxf4 Rc1+ 32. Re1 Rxe1+
33. Bxe1 Ng4 34. Bc3 a6 35. Bd4 h5 36. Bb7 a5 37. Kg2 Nh6 38. Be4 Kf8 39. Bb6
a4 40. Bc5+ Ke8 41. Bc6+ Kd8 42. Bxa4 Bd5+ 43. Kg3 Nf5+ 44. Kf2 Kc8 45. Bd1 Bf7
46. Bf3 Ng7 47. a4 Ne6 48. Be3 Be8 49. a5 Bb5 50. Be4 1-0

[Event "C.to Italiano U16"]
[Site "Porto San Giorgio ITA"]
[Date "1997.07.??"]
[Round "?"]
[White "Genocchio, Daniele"]
[Black "Mistichelli, Marco"]
[WhiteElo "2215"]
[BlackElo "1600"]
[Result "1-0"]
[PlyCount "63"]
[EventDate "1997.07.05"]

1. e4 e6 2. d4 d5 3. e5 c5 4. c3 Nc6 5. Be3 Qb6 6. Qd2 cxd4 7. cxd4 Bb4 8. Nc3
Bd7 9. Nf3 Nge7 10. Bd3 Rc8 11. O-O Na5 12. Rab1 Nc4 13. Qe2 Qc7 14. Rfc1 Qa5
15. Ng5 h6 16. Nh3 g6 17. Ne4 dxe4 18. Bxc4 b5 19. Bb3 Qd8 20. Rxc8 Qxc8 21.
Rc1 Qb7 22. Nf4 Nf5 23. d5 Nxe3 24. Qxe3 Qb6 25. dxe6 Bxe6 26. Qxb6 axb6 27.
Nxe6 Bc5 28. Nxc5 bxc5 29. Rxc5 O-O 30. Rxb5 Rc8 31. Kf1 Rc1+ 32. Ke2 1-0

[Event "C.to Italiano U16"]
[Site "Porto San Giorgio ITA"]
[Date "1997.07.??"]
[Round "?"]
[White "Nironi, Andrea"]
[Black "Genocchio, Daniele"]
[WhiteElo "1600"]
[BlackElo "2215"]
[Result "0-1"]
[PlyCount "52"]
[EventDate "1997.07.05"]

1. e4 c5 2. c3 e5 3. Nf3 Nc6 4. d4 cxd4 5. cxd4 exd4 6. Nxd4 Nf6 7. Nc3 Bb4 8.
f3 O-O 9. Bg5 Qa5 10. Qd2 Nxd4 11. Bxf6 Nb3 12. axb3 Qxa1+ 13. Kf2 gxf6 14. Bd3
Qa5 15. e5 Qc5+ 16. Kf1 Qxe5 17. Qh6 f5 18. g4 Qg7 19. Qh4 Bxc3 20. bxc3 f4 21.
g5 d6 22. Qxf4 Bh3+ 23. Kf2 Qe5 24. Bxh7+ Kxh7 25. Qh4+ Kg8 26. Qxh3 Rae8 0-1

[Event "C.to Provinciale VE 1998"]
[Site "Mestre - Venezia ITA"]
[Date "1997.??.??"]
[Round "1"]
[White "Alburno, Franco"]
[Black "Liubich, Fabrizio"]
[Result "1/2-1/2"]
[WhiteElo "1480"]
[BlackElo "1456"]
[PlyCount "124"]
[EventDate "1997.??.??"]

1. e4 c5 2. c3 Nc6 3. Nf3 d6 4. d4 Qc7 5. d5 Ne5 6. Nxe5 dxe5 7. Bb5+ Bd7 8.
Bxd7+ Qxd7 9. c4 Nf6 10. Nc3 g6 11. f3 Bg7 12. Be3 O-O 13. Qd2 Rfc8 14. O-O Ne8
15. b3 Nd6 16. Qf2 b6 17. g4 a6 18. a4 Qc7 19. h4 f6 20. Kg2 Kf7 21. f4 Ke8 22.
fxe5 fxe5 23. Qe2 Kd7 24. g5 Qd8 25. Qg4+ Kc7 26. a5 Kb7 27. axb6 Qxb6 28. Rfb1
Rc7 29. Na4 Qb4 30. Bf2 Qd2 31. Rb2 Qf4 32. Qe2 Qxe4+ 33. Qxe4 Nxe4 34. b4 Rf8
35. bxc5+ Ka7 36. c6+ Rxf2+ 37. Rxf2 Nxf2 38. Kxf2 e4 39. Re1 Bd4+ 40. Ke2 Rc8
41. Kd2 Rf8 42. Rxe4 Rf2+ 43. Re2 Rxe2+ 44. Kxe2 Kb8 45. c5 Kc7 46. Kf3 e5 47.
Kg4 a5 48. h5 gxh5+ 49. Kxh5 e4 50. Kg4 Be5 51. Nb6 Bd4 52. Kf4 Bxc5 53. Nc4 a4
54. Na5 a3 55. Nb3 e3 56. Kf3 a2 57. Ke2 Bd4 58. Kd3 a1=Q 59. Nxa1 Bxa1 60.
Kxe3 Bb2 61. Kf4 Bc3 62. Ke4 Ba5 1/2-1/2

[Event "C.to Provinciale VE 1998"]
[Site "Mestre - Venezia ITA"]
[Date "1997.??.??"]
[Round "1"]
[White "Cosma, Bruno"]
[Black "Roberti, Ignazio"]
[Result "1-0"]
[WhiteElo "1692"]
[BlackElo "1721"]
[PlyCount "39"]
[EventDate "1997.??.??"]

1. Nf3 Nf6 2. d4 e6 3. e3 d5 4. Bd3 c5 5. c3 Nc6 6. O-O cxd4 7. cxd4 Be7 8.
Nbd2 O-O 9. Re1 a6 10. Ne5 Qc7 11. f4 b5 12. a3 Na5 13. Qf3 Nc4 14. Ndxc4 bxc4
15. Bc2 Bd7 16. g4 Bc6 17. g5 Nd7 18. Qh3 f5 19. gxf6 Nxf6 20. Qxe6+ 1-0

[Event "C.to Provinciale VE 1998"]
[Site "Mestre - Venezia ITA"]
[Date "1998.??.??"]
[Round "1"]
[White "Viola, Matteo"]
[Black "Del Monaco, Andrea"]
[Result "1/2-1/2"]
[WhiteElo "1889"]
[BlackElo "1640"]
[PlyCount "28"]
[EventDate "1997.??.??"]

1. e4 e5 2. Nf3 Nf6 3. Nxe5 d6 4. Nf3 Nxe4 5. d4 d5 6. Bd3 Bd6 7. O-O O-O 8.
Re1 f5 9. c4 c6 10. Nc3 Be6 11. Nd2 Bxh2+ 12. Kxh2 Qh4+ 13. Kg1 Qxf2+ 14. Kh1
Qh4+ 1/2-1/2

[Event "C.to Provinciale VE 1998"]
[Site "Mestre - Venezia ITA"]
[Date "1997.??.??"]
[Round "2"]
[White "Alburno, Franco"]
[Black "Viola, Matteo"]
[Result "1-0"]
[WhiteElo "1480"]
[BlackElo "1889"]
[PlyCount "59"]
[EventDate "1997.??.??"]

1. e4 e5 2. Nf3 Nc6 3. Bb5 a6 4. Bxc6 bxc6 5. O-O Bb7 6. Nxe5 Bd6 7. Nf3 g5 8.
e5 Be7 9. d4 h5 10. h3 Nh6 11. c4 g4 12. hxg4 Nxg4 13. d5 cxd5 14. cxd5 Bc5 15.
Bg5 Qb8 16. Nc3 Qa7 17. Bh4 f5 18. exf6 O-O-O 19. Ne4 Rde8 20. Nfg5 Bd4 21. Nf7
Rxe4 22. Nxh8 Bxd5 23. f7 Rf4 24. Qe2 Be6 25. Rac1 c6 26. Rxc6+ dxc6 27. Qxe6+
Kb7 28. f8=Q Bxf2+ 29. Bxf2 Nxf2 30. Qfe7+ 1-0

[Event "C.to Provinciale VE 1998"]
[Site "Mestre - Venezia ITA"]
[Date "1997.??.??"]
[Round "2"]
[White "Del Monaco, Andrea"]
[Black "Liubich, Fabrizio"]
[Result "1/2-1/2"]
[WhiteElo "1640"]
[BlackElo "1456"]
[PlyCount "106"]
[EventDate "1997.??.??"]

1. d4 Nf6 2. c4 g6 3. Nf3 d5 4. cxd5 Nxd5 5. e4 Nb6 6. h3 Bg7 7. Be2 O-O 8. O-O
N8d7 9. Qc2 Nf6 10. Rd1 c6 11. Nc3 Be6 12. a4 Bc4 13. a5 Bxe2 14. Qxe2 Nbd7 15.
Bg5 b6 16. Ne5 Qc7 17. Nxf7 Rxf7 18. e5 Nd5 19. e6 Rf5 20. exd7 Qxd7 21. Nxd5
Rxg5 22. Nf4 b5 23. Qe6+ Qxe6 24. Nxe6 Rf5 25. Rac1 Rc8 26. b4 Bh6 27. Rc3 Rf6
28. d5 Kf7 29. g4 Bf4 30. g5 Rf5 31. Rxc6 Rxc6 32. Nd8+ Ke8 33. dxc6 Bd6 34.
Ne6 Re5 35. c7 Kd7 36. Rc1 Kc8 37. Nd4 Rxg5+ 38. Kf1 Bxb4 39. Nc6 Rc5 40. Nxa7+
Kxc7 41. Nxb5+ Kb7 42. a6+ Kxa6 43. Nc7+ Kb7 44. Rxc5 Bxc5 45. Ne6 Kc6 46. Nf8
e5 47. Nxh7 Be7 48. Ke2 Kd5 49. Kf3 Kd4 50. Kg4 Ke4 51. f3+ Ke3 52. h4 Bxh4 53.
Nf8 e4 1/2-1/2

[Event "C.to Provinciale VE 1998"]
[Site "Mestre - Venezia ITA"]
[Date "1997.??.??"]
[Round "2"]
[White "Friselle, Mirko"]
[Black "Maccapan, Fabio"]
[Result "1/2-1/2"]
[WhiteElo "1607"]
[BlackElo "1819"]
[PlyCount "79"]
[EventDate "1997.??.??"]

1. e4 e6 2. d4 d5 3. e5 c5 4. c3 Nc6 5. Nf3 Qb6 6. a3 c4 7. Nbd2 Na5 8. g3 Bd7
9. Bh3 Nb3 10. Rb1 Ba4 11. Nxb3 Bxb3 12. Qe2 O-O-O 13. Ng5 Nh6 14. f4 Rd7 15.
O-O g6 16. g4 Re7 17. Be3 Qc6 18. Rf2 Kb8 19. Rbf1 a6 20. f5 gxf5 21. gxf5 Nxf5
22. Bxf5 exf5 23. Rxf5 Rg8 24. Kh1 Qa4 25. Qh5 Bc2 26. Rxf7 Qe8 27. Qf3 Rxf7
28. Qxf7 Qxf7 29. Rxf7 h6 30. Nf3 Be4 31. h4 Be7 32. Kh2 Bxf3 33. Rxf3 Bxh4 34.
Bxh6 Rg6 35. Bf8 Bd8 36. Bd6+ Kc8 37. Rg3 Rxg3 38. Kxg3 Kd7 39. Kf4 Ke6 40. a4
{...} 1/2-1/2

[Event "C.to Provinciale VE 1998"]
[Site "Mestre - Venezia ITA"]
[Date "1997.??.??"]
[Round "2"]
[White "Roberti, Ignazio"]
[Black "Vianello, Giuseppe"]
[Result "1-0"]
[WhiteElo "1721"]
[BlackElo "1570"]
[PlyCount "27"]
[EventDate "1997.??.??"]

1. e4 e5 2. f4 exf4 3. Nf3 g5 4. h4 g4 5. Ng5 f6 6. Qxg4 fxg5 7. Qh5+ Ke7 8.
Qxg5+ Ke8 9. Qh5+ Ke7 10. Qe5+ Kf7 11. Bc4+ d5 12. Bxd5+ Kg6 13. h5+ Kh6 14.
Qxf4+ 1-0

[Event "C.to Provinciale VE 1998"]
[Site "Mestre - Venezia ITA"]
[Date "1997.??.??"]
[Round "3"]
[White "Cosma, Bruno"]
[Black "Vianello, Enrico"]
[Result "0-1"]
[WhiteElo "1692"]
[BlackElo "1591"]
[PlyCount "36"]
[EventDate "1997.??.??"]

1. Nf3 d5 2. d4 Nf6 3. e3 e6 4. Bd3 Nbd7 5. O-O Bd6 6. Nbd2 O-O 7. b3 c5 8. Bb2
b6 9. Ne5 Qc7 10. f4 Bb7 11. g4 Rfd8 12. g5 Ne4 13. Nxe4 dxe4 14. Bb5 Bxe5 15.
fxe5 Nxe5 16. Rf2 Nf3+ 17. Kh1 cxd4 18. Qe2 a6 0-1

[Event "C.to Provinciale VE 1998"]
[Site "Mestre - Venezia ITA"]
[Date "1997.??.??"]
[Round "3"]
[White "Maccapan, Fabio"]
[Black "Alburno, Franco"]
[Result "1-0"]
[WhiteElo "1819"]
[BlackElo "1480"]
[PlyCount "69"]
[EventDate "1997.??.??"]

1. c4 g6 2. g3 c6 3. Bg2 d6 4. Nc3 Bg7 5. e4 Nd7 6. Nge2 e5 7. O-O Ne7 8. d4 c5
9. dxe5 Nxe5 10. b3 N5c6 11. Be3 O-O 12. Qd2 Be6 13. Rad1 Nc8 14. Nb5 Qe7 15.
Nxd6 Rd8 16. Nxc8 Raxc8 17. Qc1 Ne5 18. Nf4 Rxd1 19. Rxd1 Bg4 20. Nd5 Qd8 21.
Rd2 Nf3+ 22. Bxf3 Bxf3 23. Nc3 Qe8 24. Rd5 Qe6 25. Nb5 b6 26. Nxa7 Ra8 27. Nb5
Rxa2 28. Rd8+ Bf8 29. Bh6 Qe7 30. Rxf8+ Qxf8 31. Bxf8 Kxf8 32. Nc3 Ra8 33. h3
Rd8 34. Qh6+ Kg8 35. Nd5 1-0

[Event "C.to Provinciale VE 1998"]
[Site "Mestre - Venezia ITA"]
[Date "1997.??.??"]
[Round "4"]
[White "Cosma, Bruno"]
[Black "Del Monaco, Andrea"]
[Result "0-1"]
[WhiteElo "1692"]
[BlackElo "1640"]
[PlyCount "82"]
[EventDate "1997.??.??"]

1. Nf3 Nf6 2. c4 g6 3. Nc3 Bg7 4. g3 O-O 5. Bg2 d6 6. O-O c6 7. d3 Qa5 8. Bd2
Qh5 9. Qb3 Nbd7 10. h4 Nc5 11. Qc2 a5 12. Rab1 e5 13. b3 Bg4 14. a3 Ne6 15. Be3
d5 16. Bb6 d4 17. Ne4 Nxe4 18. dxe4 f5 19. Rbe1 fxe4 20. Nh2 e3 21. Nxg4 Qxg4
22. Qe4 Qxe4 23. Bxe4 Bh6 24. f3 g5 25. hxg5 Bxg5 26. Kg2 Rf7 27. b4 axb4 28.
axb4 Rg7 29. Rg1 Rf8 30. b5 Rf6 31. bxc6 bxc6 32. Kf1 d3 33. exd3 Nd4 34. Bxd4
exd4 35. Rb1 Ra7 36. Rg2 Rh6 37. Kg1 Be7 38. Rgb2 Ra5 39. f4 Rah5 40. Bf3 Rh3
41. Rg2 Rh1# 0-1

[Event "C.to Provinciale VE 1998"]
[Site "Mestre - Venezia ITA"]
[Date "1997.??.??"]
[Round "4"]
[White "Vianello, Enrico"]
[Black "Maccapan, Fabio"]
[Result "1/2-1/2"]
[WhiteElo "1591"]
[BlackElo "1819"]
[PlyCount "102"]
[EventDate "1997.??.??"]

1. c4 g6 2. Nc3 c5 3. Nf3 Bg7 4. g3 d6 5. Bg2 Nc6 6. O-O e5 7. d3 Nge7 8. a3
O-O 9. Rb1 h6 10. b4 cxb4 11. axb4 f5 12. Nd2 a5 13. bxa5 Qxa5 14. Bb2 Rb8 15.
Qa4 Qxa4 16. Nxa4 b5 17. cxb5 Rxb5 18. Nc4 Rd8 19. Rfc1 d5 20. Ncb6 Be6 21. Rc5
Rxc5 22. Nxc5 Bf7 23. Ba3 Rb8 24. Ncd7 Rb7 25. Nc5 Ra7 26. Nba4 e4 27. Rb7 Rxb7
28. Nxb7 Nc8 29. Kf1 Ne5 30. dxe4 dxe4 31. Nd6 Nxd6 32. Bxd6 Bb3 33. Nc5 Bc4
34. Bxe5 Bxe5 35. Nd7 Bd4 36. f4 Bb5 37. Ne5 Bxe5 38. fxe5 Kf7 39. Kf2 Ke6 40.
g4 Kxe5 41. gxf5 gxf5 42. Bh3 Kf6 43. e3 Kg5 44. Kg3 h5 45. Kf2 f4 46. Bg2 Kf5
47. Bh3+ Ke5 48. Bc8 h4 49. Bh3 Bc4 50. Bc8 Be6 51. exf4+ Kxf4 1/2-1/2

[Event "C.to Provinciale VE 1998"]
[Site "Mestre - Venezia ITA"]
[Date "1997.??.??"]
[Round "4"]
[White "Vianello, Giuseppe"]
[Black "Liubich, Fabrizio"]
[Result "1-0"]
[WhiteElo "1570"]
[BlackElo "1456"]
[PlyCount "75"]
[EventDate "1997.??.??"]

1. e4 c5 2. Nf3 d6 3. d4 cxd4 4. Nxd4 Nf6 5. Nc3 a6 6. Bc4 e6 7. Be3 Qc7 8. Bb3
Be7 9. Qe2 O-O 10. O-O-O Bd7 11. Rhg1 Nc6 12. g4 Na5 13. g5 Nxb3+ 14. Nxb3 Ne8
15. h4 g6 16. h5 Ng7 17. hxg6 fxg6 18. f4 b5 19. f5 exf5 20. Nd5 Qd8 21. Bb6
Qe8 22. Nc7 Qf7 23. Nxa8 Rxa8 24. e5 d5 25. Nd4 Ne6 26. Nf3 Nc5 27. Nd4 Ne4 28.
Kb1 Rc8 29. Rg2 Rc4 30. Nf3 f4 31. Qd3 Bh3 32. Rh2 Bg4 33. Rdh1 Bh5 34. Re1
Bxf3 35. Qxf3 Qe6 36. Reh1 Qxe5 37. Qh3 Nxg5 38. Qd3 {...} 1-0

[Event "C.to Provinciale VE 1998"]
[Site "Mestre - Venezia ITA"]
[Date "1997.??.??"]
[Round "4"]
[White "Viola, Matteo"]
[Black "Roberti, Ignazio"]
[Result "1-0"]
[WhiteElo "1889"]
[BlackElo "1721"]
[PlyCount "41"]
[EventDate "1997.??.??"]

1. d4 e6 2. e4 d5 3. Nc3 Bb4 4. e5 c5 5. a3 Bxc3+ 6. bxc3 Ne7 7. h4 Nbc6 8. h5
Qa5 9. Bd2 cxd4 10. cxd4 Qa4 11. Nf3 Nxd4 12. Nxd4 Qxd4 13. Bd3 Qxe5+ 14. Kf1
Bd7 15. Rb1 Bc6 16. Rh3 d4 17. Qg4 Nd5 18. Re1 Qd6 19. Qxg7 Qf8 20. Bh6 Nf4 21.
Qxf8+ 1-0

[Event "C.to Provinciale VE 1998"]
[Site "Mestre - Venezia ITA"]
[Date "1997.??.??"]
[Round "5"]
[White "Alburno, Franco"]
[Black "Cosma, Bruno"]
[Result "1-0"]
[WhiteElo "1480"]
[BlackElo "1692"]
[PlyCount "71"]
[EventDate "1997.??.??"]

1. e4 g6 2. d4 d6 3. Bd3 c6 4. Nf3 Bg7 5. c3 Nd7 6. Be3 e5 7. Nbd2 Ne7 8. Nc4
Qc7 9. Qc1 b5 10. Ncd2 O-O 11. Nb3 f5 12. Bh6 f4 13. Bxg7 Kxg7 14. Qd2 h6 15.
O-O g5 16. c4 a6 17. Rac1 Qb8 18. Rc2 b4 19. Rfc1 Ng6 20. c5 g4 21. Ne1 exd4
22. cxd6 Nde5 23. Nxd4 Bd7 24. Rc5 a5 25. Nf5+ Kh7 26. Bb1 Qe8 27. Qd4 Qe6 28.
Nd3 Rae8 29. Rxa5 Qf6 30. Nxe5 Nxe5 31. Qd2 Qg5 32. Rcc5 Nf3+ 33. gxf3 gxf3+
34. Ng3 Qg4 35. Rh5 Re6 36. Rag5 1-0

[Event "C.to Provinciale VE 1998"]
[Site "Mestre - Venezia ITA"]
[Date "1997.??.??"]
[Round "5"]
[White "Del Monaco, Andrea"]
[Black "Vianello, Enrico"]
[Result "1-0"]
[WhiteElo "1640"]
[BlackElo "1591"]
[PlyCount "75"]
[EventDate "1997.??.??"]

1. Nf3 Nf6 2. d4 d5 3. c4 c6 4. Nc3 dxc4 5. a4 Bf5 6. e3 e6 7. Bxc4 Bb4 8. O-O
Nbd7 9. Qe2 O-O 10. Rd1 Qe7 11. Nh4 Bg6 12. f3 Bh5 13. g4 Bg6 14. Nxg6 hxg6 15.
e4 e5 16. d5 Bxc3 17. d6 Bd4+ 18. Rxd4 Qd8 19. Rd1 Qa5 20. Bd2 Qc5+ 21. Be3 Qb4
22. h4 Nb6 23. Bxb6 Qxb6+ 24. Kg2 Rad8 25. h5 gxh5 26. g5 Nh7 27. g6 Nf6 28. f4
exf4 29. Bxf7+ Rxf7 30. gxf7+ Kxf7 31. e5 Ng4 32. e6+ Kf6 33. Ra3 Ne3+ 34. Rxe3
fxe3 35. e7 Rh8 36. Rd3 Ke6 37. e8=Q+ Rxe8 38. Rxe3+ 1-0

[Event "XXIX C.to Italiano a squadre A1 Sud"]
[Site "ITA"]
[Date "1997.02.23"]
[Round "1"]
[White "D'Amore, Carlo"]
[Black "Bertoni, Massimiliano"]
[Result "1-0"]
[WhiteElo "2440"]
[BlackElo "1803"]
[PlyCount "49"]
[EventDate "1997.02.23"]

1. e4 e5 2. Bc4 Nc6 3. Nc3 Bc5 4. d3 d6 5. Na4 Bb6 6. c3 Be6 7. Bxe6 fxe6 8.
Qh5+ g6 9. Qh3 Qd7 10. Nxb6 axb6 11. Ne2 Nf6 12. Bh6 O-O-O 13. O-O Rde8 14. f4
Ng8 15. Bg5 h6 16. fxe5 Nxe5 17. d4 Nf7 18. Be3 Nd8 19. a4 Rh7 20. a5 Qb5 21.
c4 Qxc4 22. Nf4 g5 23. Nd5 Kb8 24. axb6 exd5 25. Ra8+ 1-0

[Event "XXIX C.to Italiano a squadre A1 Sud"]
[Site "ITA"]
[Date "1997.02.23"]
[Round "1"]
[White "Gagliardi, Pietro"]
[Black "Arlandi, Ennio"]
[Result "0-1"]
[WhiteElo "2185"]
[BlackElo "2470"]
[PlyCount "104"]
[EventDate "1997.02.23"]

1. e4 c6 2. d4 d5 3. exd5 cxd5 4. Bd3 Nc6 5. c3 Nf6 6. Bf4 Bg4 7. Qb3 Qc8 8.
Nd2 e6 9. Ngf3 Be7 10. O-O O-O 11. Rfe1 Bh5 12. h3 a6 13. Ne5 Nxe5 14. Bxe5 Nd7
15. Qc2 Bg6 16. Nf3 b5 17. a3 a5 18. Bxg6 hxg6 19. Qe2 Qb7 20. Rac1 Rfc8 21.
Bf4 b4 22. axb4 axb4 23. Ng5 Bxg5 24. Bxg5 bxc3 25. bxc3 Qb3 26. Qc2 Ra3 27.
Qxb3 Rxb3 28. Re3 Nb6 29. Rg3 Nc4 30. Ra1 Nd6 31. Be7 Nf5 32. Bb4 Nxg3 33. fxg3
e5 34. Rd1 e4 35. Rd2 Ra8 36. Kf2 Ra1 37. g4 f6 38. h4 Rbb1 39. Re2 Rf1+ 40.
Ke3 Rad1 41. Ra2 Rde1+ 42. Kd2 Rf2+ 43. Kxe1 Rxa2 44. Kf1 Rc2 45. Ba5 Kf7 46.
g3 Ke6 47. Bb4 f5 48. g5 f4 49. gxf4 Kf5 50. Bd6 Kg4 51. Be5 Kf3 52. Ke1 e3 0-1

[Event "XXIX C.to Italiano a squadre A1 Sud"]
[Site "ITA"]
[Date "1997.04.06"]
[Round "4"]
[White "Corvi, Marco"]
[Black "Djuric, Stefan"]
[Result "0-1"]
[WhiteElo "2235"]
[BlackElo "2535"]
[PlyCount "70"]
[EventDate "1997.02.23"]

1. c4 c5 2. Nc3 g6 3. g3 Bg7 4. Bg2 Nc6 5. e4 d6 6. d3 Nf6 7. Nge2 O-O 8. h3
Ne8 9. Be3 Nd4 10. Bg5 h6 11. Bd2 Nxe2 12. Nxe2 Bd7 13. Qc1 Kh7 14. h4 Rb8 15.
Rb1 b5 16. b3 b4 17. a4 f5 18. h5 g5 19. f4 g4 20. Be3 Bc6 21. d4 Bxe4 22. Bxe4
fxe4 23. Qc2 Nf6 24. dxc5 dxc5 25. Bxc5 Qd3 26. Rc1 Rb7 27. O-O Rc8 28. Bd4 Rd7
29. Bxf6 Qe3+ 30. Rf2 Bxf6 31. Rd1 Rd3 32. Qc1 Rxb3 33. Qxe3 Rxe3 34. Rd7 Rxc4
35. Kg2 Rc2 0-1

[Event "C.to Unione Europea rapido"]
[Site "Atene GRE"]
[Date "1997.11.??"]
[Round "1"]
[White "Arlandi, Ennio"]
[Black "Ribeiro, Fernando"]
[Result "1/2-1/2"]
[WhiteElo "2470"]
[BlackElo "2340"]
[PlyCount "122"]
[EventDate "1997.11.21"]

1. d4 d6 2. Nf3 Bg4 3. c4 e5 4. dxe5 Nc6 5. Bg5 Qd7 6. exd6 Bxd6 7. Nc3 Nge7 8.
e3 f6 9. Bh4 O-O-O 10. Be2 h5 11. Bg3 Qe6 12. Bxd6 Rxd6 13. Qa4 Bxf3 14. Bxf3
Ne5 15. Be2 Ng4 16. c5 Rdd8 17. Qxa7 c6 18. Qa8+ Kc7 19. Qa4 Nd5 20. Qe4 Qf7
21. Nxd5+ Qxd5 22. Qxd5 Rxd5 23. b4 Rhd8 24. O-O Rd2 25. Bf3 Rb2 26. a3 Rdd2
27. Bxg4 hxg4 28. Rad1 Re2 29. Rd4 f5 30. Rf4 g6 31. Rd4 Ra2 32. Rd3 b6 33.
cxb6+ Kxb6 34. Rd6 Rxa3 35. Rxg6 Rb3 36. Rf6 Rxb4 37. Rxf5 c5 38. Rc1 c4 39.
Rf4 Kb5 40. Rxg4 c3 41. Rg5+ Kc4 42. h4 Rbb2 43. h5 c2 44. Kf1 Rd2 45. Ke1 Rd6
46. Rg6 Rb1 47. Rxd6 Rxc1+ 48. Kd2 Rd1+ 49. Kxc2 Rxd6 50. g4 Kd5 51. g5 Rd7 52.
h6 Ke5 53. f4+ Kf5 54. Kc3 Ra7 55. Kd4 Ra4+ 56. Kd5 Ra5+ 57. Kd6 Ra6+ 58. Ke7
Re6+ 59. Kf7 Ra6 60. e4+ Kxf4 61. h7 Ra7+ 1/2-1/2

[Event "C.to Unione Europea rapido"]
[Site "Atene GRE"]
[Date "1997.11.??"]
[Round "2"]
[White "Arlandi, Ennio"]
[Black "Baumegger, Siegfried"]
[Result "1-0"]
[WhiteElo "2470"]
[BlackElo "2485"]
[PlyCount "67"]
[EventDate "1997.11.21"]

1. d4 g6 2. c4 Bg7 3. Nf3 d6 4. Nc3 e5 5. dxe5 dxe5 6. Qxd8+ Kxd8 7. Bd2 c6 8.
O-O-O Kc7 9. Ne4 f6 10. Bb4 Nd7 11. Bd6+ Kd8 12. g4 Ke8 13. Ba3 Bf8 14. Nd6+
Bxd6 15. Bxd6 Nh6 16. Rg1 Nf7 17. Ba3 Nf8 18. e3 Ne6 19. Nd2 f5 20. gxf5 gxf5
21. h4 Nf8 22. b3 Be6 23. Bh3 Rd8 24. Nf3 Rxd1+ 25. Kxd1 f4 26. Bxe6 Nxe6 27.
Bb2 fxe3 28. fxe3 Ke7 29. Nxe5 Rd8+ 30. Ke2 Nd6 31. Nd3 b6 32. Ne5 Rc8 33. Rf1
c5 34. Kd3 1-0

[Event "C.to Unione Europea rapido"]
[Site "Atene GRE"]
[Date "1997.11.??"]
[Round "3"]
[White "David, Alberto"]
[Black "Arlandi, Ennio"]
[Result "1/2-1/2"]
[WhiteElo "2460"]
[BlackElo "2470"]
[PlyCount "72"]
[EventDate "1997.11.21"]

1. e4 c6 2. d4 d5 3. e5 Bf5 4. Nc3 h5 5. Be2 e6 6. Nf3 Bg4 7. O-O g6 8. b3 Nd7
9. Bb2 Nh6 10. Nb1 c5 11. c4 dxc4 12. d5 cxb3 13. h3 Bf5 14. Qxb3 Bg7 15. Bc4
Qb6 16. Bb5 Rd8 17. a4 O-O 18. a5 Qc7 19. d6 Qc8 20. Nbd2 f6 21. Nh4 Nxe5 22.
Bxe5 fxe5 23. d7 Rxd7 24. Bxd7 Qxd7 25. Rad1 Qe7 26. Qg3 Qf6 27. Ndf3 Nf7 28.
Rd7 e4 29. Nd2 Ne5 30. Rxb7 g5 31. Nxf5 exf5 32. f4 exf3 33. Nxf3 f4 34. Qf2
Nd3 35. Qa2+ Kh8 36. Qd5 Ne5 1/2-1/2

[Event "C.to Unione Europea rapido"]
[Site "Atene GRE"]
[Date "1997.11.??"]
[Round "4"]
[White "Arlandi, Ennio"]
[Black "Boensch, Uwe"]
[Result "1-0"]
[WhiteElo "2470"]
[BlackElo "2540"]
[PlyCount "65"]
[EventDate "1997.11.21"]

1. d4 Nf6 2. c4 e6 3. Nc3 d5 4. cxd5 exd5 5. Bg5 c6 6. e3 Be7 7. Bd3 Nbd7 8.
Nge2 Nh5 9. Bxe7 Qxe7 10. g4 Nhf6 11. Ng3 Nb6 12. g5 Ng8 13. h4 h6 14. g6 Nf6
15. gxf7+ Qxf7 16. Qc2 O-O 17. Bg6 Qc7 18. O-O-O Ng4 19. Rdf1 Be6 20. Nh5 Kh8
21. b3 Rf3 22. Ne2 Rxf2 23. Rxf2 Nxf2 24. Rg1 Qe7 25. Nef4 Nh3 26. Rg3 Nxf4 27.
Nxf4 Qxh4 28. Qg2 Qf6 29. Bb1 g5 30. Ng6+ Kg7 31. Rf3 Qd8 32. Qc2 Bg8 33. Nh4
1-0

[Event "C.to Unione Europea rapido"]
[Site "Atene GRE"]
[Date "1997.11.??"]
[Round "5"]
[White "Tella, Jussi"]
[Black "Arlandi, Ennio"]
[Result "1/2-1/2"]
[WhiteElo "2375"]
[BlackElo "2470"]
[PlyCount "76"]
[EventDate "1997.11.21"]

1. d4 Nf6 2. c4 e6 3. Nc3 Bb4 4. e3 c5 5. Bd3 Nc6 6. Nf3 Bxc3+ 7. bxc3 d6 8.
O-O e5 9. Nd2 O-O 10. Ne4 b6 11. Nxf6+ Qxf6 12. Be4 Bb7 13. Bd5 Na5 14. Qd3
Rac8 15. dxe5 dxe5 16. e4 Bxd5 17. cxd5 Nb7 18. c4 Nd6 19. f4 Qe7 20. Bb2 f6
21. Rae1 b5 22. fxe5 fxe5 23. Rxf8+ Rxf8 24. cxb5 c4 25. Qg3 Rf4 26. Ba3 Qc7
27. Bxd6 Qxd6 28. h3 Qc5+ 29. Kh2 Qxb5 30. Qc3 Qe8 31. Qxc4 h5 32. d6+ Kh7 33.
Qd5 Rf7 34. Rd1 Rd7 35. Qb5 Qe6 36. Rd5 h4 37. Qc5 Qg6 38. Qe3 Rxd6 1/2-1/2

[Event "C.to Unione Europea rapido"]
[Site "Atene GRE"]
[Date "1997.11.??"]
[Round "7"]
[White "Ryan, Joseph"]
[Black "Arlandi, Ennio"]
[Result "1-0"]
[WhiteElo "2245"]
[BlackElo "2470"]
[PlyCount "85"]
[EventDate "1997.11.21"]

1. d4 c6 2. e4 d5 3. Nd2 dxe4 4. Nxe4 Nd7 5. Ng5 Ngf6 6. Bd3 e6 7. N1f3 Bd6 8.
Qe2 h6 9. Ne4 Nxe4 10. Qxe4 c5 11. Qg4 Kf8 12. O-O Qc7 13. c3 b6 14. Re1 Bb7
15. Be3 c4 16. Bc2 Nf6 17. Qh3 Ke7 18. Ne5 g5 19. f4 gxf4 20. Bxf4 Bd5 21. Re2
Rag8 22. Rf1 Qb7 23. Bg3 Rg5 24. Rxf6 Kxf6 25. Rf2+ Kg7 26. Rxf7+ Qxf7 27. Nxf7
Kxf7 28. Bxd6 Rxg2+ 29. Qxg2 Bxg2 30. Kxg2 Rg8+ 31. Kf2 Rg5 32. Be5 Ke7 33. Be4
Kd7 34. b3 cxb3 35. axb3 Rg8 36. c4 Rf8+ 37. Ke2 Rg8 38. Kf2 Rf8+ 39. Bf3 Rf5
40. h4 a5 41. h5 Rf7 42. Ke3 Kd8 43. Bf4 1-0

[Event "C.to Unione Europea rapido"]
[Site "Atene GRE"]
[Date "1997.11.??"]
[Round "8"]
[White "Arlandi, Ennio"]
[Black "Vaisser, Anatoly V."]
[Result "0-1"]
[WhiteElo "2470"]
[BlackElo "2575"]
[PlyCount "56"]
[EventDate "1997.11.21"]

1. d4 Nf6 2. c4 c5 3. d5 b5 4. cxb5 a6 5. bxa6 g6 6. Nc3 Bxa6 7. e4 Bxf1 8.
Kxf1 d6 9. Nf3 Nbd7 10. g3 Bg7 11. Kg2 O-O 12. Re1 Ra7 13. h3 Qa8 14. Re2 Nb6
15. Bf4 Na4 16. Qc2 Rb8 17. Rb1 Rb4 18. Nd1 Nb6 19. b3 Nxe4 20. Rxe4 Rxa2 21.
Qd3 Nxd5 22. Rxb4 Nxb4 23. Qb5 Nc2 24. Kg1 Na3 25. Qd3 Nxb1 26. Qxb1 Ra1 27.
Qd3 e5 28. Be3 Qxf3 0-1